00569nam a2200193Ia 450000500170000000800410001704000190005804100120007708200170008910000230010624500420012926000440017130000120021550400400022763000440026765000290031165100250034085000100036520231110115118.0131103s9999 xx 000 0 und d aLoreto College aEnglish a320.973bREA aReagan, Michael D. 4aThe New federalismcMichael D. Reagan aNew YorkbOxford University Pressc1972 a175 p.  aIncludes bibliographical references aUnited States - Politics and Government aPolitics - Federalism -  aPolitical Science -  aLCLIB